000
00272nam a2200121Ia 4500
008
250224s9999 xx 000 0 und d
020
_a
9781848352346
082
_a
J595.7JEN
100
_a
Jennings Terry
245
0
_a
Bugs
942
_c
JBK
999
_c
476720
_d
476720